Agency 2008 (Record no. 80322)

MARC details
000 -LEADER
fixed length control field 00822cab a22001935a 4500
001 - CONTROL NUMBER
control field L143956
008 - FIXED-LENGTH DATA ELEMENTS--GENERAL INFORMATION
fixed length control field 080606e20080606xxkad f s 000 0 eng d
035 ## - SYSTEM CONTROL NUMBER
System control number (Sirsi) u143956
041 0# - LANGUAGE CODE
Language code of text/sound track or separate title eng
100 1# - MAIN ENTRY--PERSONAL NAME
Personal name Hatcher, David
245 00 - TITLE STATEMENT
Title Agency 2008
260 ## - PUBLICATION, DISTRIBUTION, ETC.
Date of publication, distribution, etc. 2008
490 #0 - SERIES STATEMENT
Series statement Property Week
Volume/sequential designation 73 (23) 6 June 2008, 43-48(6)
520 ## - SUMMARY, ETC.
Summary, etc. Presents results of Property week's annual survey of the UK agency sector as a league table. Shows the negative impact of the credit crunch. Finds that the average increase in turnover in 2008 was 4.6%, compared to 19% in 2007. Savills tops the table with an increase of 21%, more than 40% higher than its nearest competitor CB Richard Ellis.
590 ## - LOCAL NOTE (RLIN)
Local note KA
651 #4 - SUBJECT ADDED ENTRY--GEOGRAPHIC NAME
Geographic name United Kingdom
Chronological subdivision
690 ## - LOCAL SUBJECT ADDED ENTRY--TOPICAL TERM (OCLC, RLIN)
Topical term or geographic name as entry element PROPERTY-COMMERCIAL PROPERTY-COMMERCIAL PROPERTY AGENCY
942 ## - ADDED ENTRY ELEMENTS (KOHA)
Suppress in OPAC 0
Holdings
Withdrawn status Lost status Source of classification or shelving scheme Damaged status Not for loan Home library Current library Shelving location Date acquired Total Checkouts Full call number Barcode Date last seen Copy number Price effective from Koha item type
    Dewey Decimal Classification     London London Journal article 10/06/2008   L143956 143956-1001 06/08/2019 1 06/08/2019 Journal article